LEADER 00712nam a2200181 i 4500 001 000000138577 003 CaOOAMICUS 005 20050505000000.0 008 050505s1957 it u000 u ita u 013 $a112475 040 $aSeMil$bita 100 1 $aPirenne, Jacques,$d<1891-1972>.$0(OLS)http://semarc/name/6400 245 10$aDal 1815 alla Prima Guerra Mondiale. 300 $aXIV, 951 p., [16] c. di tav. :$bill. 773 0 $aPirenne, Jacques <1891-1972>$tStoria universale.$dFirenze : Sansoni, 1956-1959.$gVol.4$w()13401 850 $aSeMil 852 $aSeMil$W1$xVenegono$y1$mSL1.D IX 15$j92066$B92066$CSeMilBibl$Z2$F97154 $8I 996 $6245$aDal 1815 alla Prima Guerra Mondiale$9(OLS)http://semarc/title/202562 LEADER 01067nam a2200241 i 4500 001 000000191075 003 CaOOAMICUS 005 20100715000000.0 008 100715s1906 it u000 u ita u 013 $a169565 040 $aSeMil$bita 100 1 $aMassa Cornelio, Miriam.$0(OLS)http://semarc/name/69839 245 10$aConnubio d'Anime /$cMiriam Cornelio Massa, Angelo Maria Cornelio ; Con prefazione di Mons. Geremia Bonomelli. 260 $aPistoia :$bTip. Sinibuldiana G. Flori e C.,$c1906. 300 $aVII, 819 p. :$bill. ;$c25 cm. 500 $aContiene : Bibliografie. 650 4$aBiografie.$0(OLS)http://semarc/subject/2953 700 1 $aCornelio, Angelo Maria.$0(OLS)http://semarc/name/31595 700 1 $aBonomelli, Geremia,$c.$0(OLS)http://semarc/name/664 850 $aSeMil 852 $aSeMil$W1$xVenegono$y1$m3H VI 74$j141689$B141689$CSeMilBibl$Z2$F153233 $81 996 $6245$aConnubio d'Anime$9(OLS)http://semarc/title/275347 996 $6260$aPistoia :$bTip. Sinibuldiana G. Flori e C.$9(OLS)http://semarc/publisher/42393